| 000 | 00642nam a2200205Ia 4500 | ||
|---|---|---|---|
| 003 | GCL | ||
| 008 | 140319s9999 xx 000 0 ara d | ||
| 040 |
_aGCL / _cGCL |
||
| 082 | 0 | 4 |
_aق _b932 _bا م |
| 100 | 1 | _aانطون زكرى | |
| 245 | 1 | 0 |
_aمرشد اهرام الجيزة والمتحف المصرى / _cانطون زكرى |
| 300 | _a128 ص | ||
| 490 |
_aالهيئة العامة للاستعلامات _v0 |
||
| 650 | 0 | 4 | _aالتاريخ |
| 650 | 0 | 4 | _aالمتحف المصرى |
| 650 | 0 | 4 | _aاهرامات الجيزة |
| 650 | 0 | 4 | _aمصر - الاثار |
| 650 | 0 | 4 | _aمصر القديمة - تاريخ |
| 942 |
_2ddc _cBK |
||
| 999 |
_c50376 _d50376 |
||